[Event "Biel ATO 57th"]
[Site "Biel"]
[Date "2024.07.23"]
[Round "7"]
[White "Shin, Yisoo"]
[Black "Weihs, David"]
[Result "1/2-1/2"]
[WhiteElo "1449"]
[BlackElo "1733"]
[PlyCount "81"]
[EventDate "2024.07.16"]
[EventType "swiss"]
[EventRounds "9"]
[EventCountry "SUI"]
[SourceTitle "EXT 2025"]
[Source "ChessBase"]
[SourceDate "2024.10.14"]
[SourceVersion "1"]
[SourceVersionDate "2024.10.14"]
[SourceQuality "1"]

1. e4 e5 2. Nf3 Nf6 3. Nxe5 d6 4. Nf3 Nxe4 5. d4 d5 6. Bd3 Bd6 7. c4 Bb4+ 8. Nbd2 0-0 9. 0-0 Bxd2 10. Bxd2 c6 11. Bf4 Bf5 12. Re1 Nd7 13. Qc2 Re8 14. cxd5 cxd5 15. Qb3 Nb6 16. a4 Bg4 17. Ne5 Qf6 18. Be3 Rad8 19. f3 Be6 20. Bb5 Nd6 21. Bxe8 Rxe8 22. a5 Nbc4 23. Nxc4 Nxc4 24. Qxb7 Nxe3 25. Rxe3 Qxd4 26. Rae1 Bc8 27. Qb3 Be6 28. Kh1 Qc5 29. Qc3 Qb5 30. f4 Rf8 31. Rg3 g6 32. Qc7 Qb4 33. Rge3 d4 34. Re5 d3 35. Qc3 Qxc3 36. bxc3 Rc8 37. Rc1 d2 38. Rd1 Rxc3 39. Re2 Bg4 40. Rexd2 Bxd1 41. Rxd1 1/2-1/2

[Event "Biel ATO 57th"]
[Site "Biel"]
[Date "2024.07.20"]
[Round "5"]
[White "Jordan, Theodor"]
[Black "Weihs, David"]
[Result "1-0"]
[WhiteElo "1894"]
[BlackElo "1733"]
[PlyCount "57"]
[EventDate "2024.07.16"]
[EventType "swiss"]
[EventRounds "9"]
[EventCountry "SUI"]
[SourceTitle "EXT 2025"]
[Source "ChessBase"]
[SourceDate "2024.10.14"]
[SourceVersion "1"]
[SourceVersionDate "2024.10.14"]
[SourceQuality "1"]

1. e4 c6 2. Nc3 d5 3. Nf3 dxe4 4. Nxe4 Nf6 5. Qe2 Nxe4 6. Qxe4 Nd7 7. Bc4 Nf6 8. Ne5 e6 9. Qe2 Bd6 10. d4 Qb6 11. c3 h6 12. 0-0 Qc7 13. Bf4 b5 14. Bb3 a5 15. a4 0-0 16. Bc2 Bb7 17. Qd3 g5 18. Ng4 Kg7 19. Be5 Bxe5 20. dxe5 Ne4 21. Qxe4 Rh8 22. Nf6 c5 23. Qe3 b4 24. Rfd1 Bc8 25. Rd6 Ba6 26. Rd7 Qb6 27. Qe4 bxc3 28. Qg6+ Kf8 29. Qxf7# 1-0